000
00329nam a22001337a 4500
008
170523b xxu||||| |||| 00| 0 eng d
020
_a
9781890919627
041
_a
eng
080
_a
94(7/8)
100
_a
16
101
_a
SHH
245
_a
BEYOND MYTHS AND LEGENDS: A NARRATIVE HISTORY OF TEXAS
_c
HOWELL, K.W
942
_2
udc
_c
BK
999
_c
13867
_d
13867